Schnelle Mathematik – halbieren Sie diese Zahl! - Statistiken

Allgemein
  • Dieses Quiz wurde 489 mal gespielt
  • Das Durchschnittsergebnis liegt bei 11 aus 20
Antwortstatistiken
Nummer Hälfte % Korrekt
20 10
100%
208 104
100%
210 105
100%
212 106
100%
216 108
100%
218 109
100%
22 11
100%
240 120
100%
242 121
100%
244 122
100%
246 123
100%
250 125
100%
258 129
100%
26 13
100%
280 140
100%
300 150
100%
304 152
100%
310 155
100%
316 158
100%
320 160
100%
350 175
100%
352 176
100%
36 18
100%
366 183
100%
374 187
100%
380 190
100%
400 200
100%
404 202
100%
408 204
100%
418 209
100%
424 212
100%
428 214
100%
430 215
100%
432 216
100%
434 217
100%
44 22
100%
450 225
100%
460 230
100%
464 232
100%
482 241
100%
512 256
100%
518 259
100%
52 26
100%
520 260
100%
522 261
100%
550 275
100%
58 29
100%
60 30
100%
606 303
100%
62 31
100%
626 313
100%
628 314
100%
632 316
100%
636 318
100%
648 324
100%
672 336
100%
676 338
100%
68 34
100%
690 345
100%
70 35
100%
710 355
100%
720 360
100%
724 362
100%
732 366
100%
750 375
100%
82 41
100%
820 410
100%
822 411
100%
826 413
100%
828 414
100%
836 418
100%
848 424
100%
854 427
100%
86 43
100%
864 432
100%
870 435
100%
88 44
100%
880 440
100%
884 442
100%
904 452
100%
918 459
100%
96 48
100%
10 5
100%
100 50
100%
1010 505
100%
1016 508
100%
1032 516
100%
1044 522
100%
1066 533
100%
1070 535
100%
1080 540
100%
1096 548
100%
110 55
100%
1102 551
100%
1134 567
100%
116 58
100%
1160 580
100%
12 6
100%
120 60
100%
1202 601
100%
1206 603
100%
1208 604
100%
1210 605
100%
1220 610
100%
1228 614
100%
124 62
100%
1244 622
100%
1250 625
100%
126 63
100%
1260 630
100%
1262 631
100%
1268 634
100%
1270 635
100%
1278 639
100%
1300 650
100%
1304 652
100%
1334 667
100%
134 67
100%
1398 699
100%
140 70
100%
1400 700
100%
1408 704
100%
1454 727
100%
148 74
100%
1514 757
100%
158 79
100%
16 8
100%
160 80
100%
1602 801
100%
162 81
100%
1650 825
100%
1666 833
100%
178 89
100%
18 9
100%
180 90
100%
182 91
100%
1830 915
100%
188 94
100%
1904 952
100%
1982 991
100%
684 342
91%
32 16
90%
28 14
89%
516 258
89%
288 144
88%
302 151
88%
402 201
88%
416 208
88%
458 229
88%
66 33
88%
668 334
88%
900 450
88%
1020 510
88%
202 101
86%
468 234
86%
498 249
86%
50 25
86%
500 250
86%
604 302
86%
730 365
86%
802 401
86%
816 408
86%
866 433
86%
90 45
86%
1028 514
86%
1034 517
86%
106 53
86%
1088 544
86%
118 59
86%
1224 612
86%
1404 702
86%
236 118
83%
262 131
83%
284 142
83%
30 15
83%
312 156
83%
514 257
83%
602 301
83%
618 309
83%
670 335
83%
688 344
83%
700 350
83%
80 40
83%
804 402
83%
846 423
83%
92 46
83%
980 490
83%
108 54
83%
1438 719
83%
1460 730
83%
150 75
83%
1500 750
83%
152 76
83%
1610 805
83%
164 82
83%
1900 950
83%
1920 960
83%
264 132
82%
204 102
80%
214 107
80%
268 134
80%
308 154
80%
34 17
80%
342 171
80%
348 174
80%
362 181
80%
42 21
80%
48 24
80%
504 252
80%
526 263
80%
56 28
80%
600 300
80%
610 305
80%
614 307
80%
64 32
80%
646 323
80%
656 328
80%
678 339
80%
680 340
80%
72 36
80%
784 392
80%
810 405
80%
832 416
80%
834 417
80%
838 419
80%
840 420
80%
850 425
80%
852 426
80%
872 436
80%
888 444
80%
920 460
80%
984 492
80%
1084 542
80%
1230 615
80%
1240 620
80%
1328 664
80%
146 73
80%
1612 806
80%
1642 821
80%
1802 901
80%
184 92
80%
1880 940
80%
190 95
80%
220 110
78%
224 112
78%
406 203
78%
420 210
78%
448 224
78%
620 310
78%
806 403
78%
924 462
78%
1000 500
78%
112 56
78%
24 12
75%
270 135
75%
276 138
75%
324 162
75%
370 185
75%
396 198
75%
398 199
75%
414 207
75%
440 220
75%
442 221
75%
446 223
75%
452 226
75%
466 233
75%
488 244
75%
502 251
75%
524 262
75%
536 268
75%
562 281
75%
580 290
75%
640 320
75%
642 321
75%
644 322
75%
662 331
75%
702 351
75%
718 359
75%
78 39
75%
808 404
75%
84 42
75%
860 430
75%
892 446
75%
914 457
75%
928 464
75%
1030 515
75%
1052 526
75%
1058 529
75%
1062 531
75%
1072 536
75%
1090 545
75%
1100 550
75%
1104 552
75%
1122 561
75%
1136 568
75%
114 57
75%
1216 608
75%
1218 609
75%
1272 636
75%
1290 645
75%
130 65
75%
1310 655
75%
132 66
75%
1330 665
75%
142 71
75%
1430 715
75%
1448 724
75%
1550 775
75%
156 78
75%
1804 902
75%
1826 913
75%
186 93
75%
1868 934
75%
1890 945
75%
266 133
71%
286 143
71%
322 161
71%
480 240
71%
506 253
71%
544 272
71%
582 291
71%
612 306
71%
716 358
71%
902 451
71%
1002 501
71%
102 51
71%
1180 590
71%
1212 606
71%
14 7
71%
1472 736
71%
1704 852
71%
996 498
70%
868 434
69%
206 103
67%
222 111
67%
228 114
67%
230 115
67%
274 137
67%
278 139
67%
314 157
67%
336 168
67%
340 170
67%
358 179
67%
360 180
67%
388 194
67%
438 219
67%
454 227
67%
456 228
67%
510 255
67%
538 269
67%
540 270
67%
564 282
67%
570 285
67%
588 294
67%
630 315
67%
650 325
67%
664 332
67%
74 37
67%
76 38
67%
766 383
67%
818 409
67%
882 441
67%
912 456
67%
934 467
67%
940 470
67%
954 477
67%
968 484
67%
998 499
67%
1018 509
67%
1026 513
67%
104 52
67%
1040 520
67%
1046 523
67%
1048 524
67%
1054 527
67%
1060 530
67%
1110 555
67%
1130 565
67%
1166 583
67%
1190 595
67%
1246 623
67%
1266 633
67%
1322 661
67%
1350 675
67%
1386 693
67%
1410 705
67%
1440 720
67%
1442 721
67%
1450 725
67%
1486 743
67%
1516 758
67%
1520 760
67%
1522 761
67%
1580 790
67%
1600 800
67%
1614 807
67%
1640 820
67%
1652 826
67%
166 83
67%
172 86
67%
1822 911
67%
1840 920
67%
1858 929
67%
1930 965
67%
1940 970
67%
196 98
67%
1960 980
67%
1968 984
67%
390 195
63%
634 317
63%
762 381
63%
858 429
63%
1050 525
63%
1200 600
63%
1462 731
63%
1604 802
63%
1662 831
63%
200 100
60%
226 113
60%
260 130
60%
282 141
60%
298 149
60%
410 205
60%
426 213
60%
436 218
60%
46 23
60%
54 27
60%
542 271
60%
566 283
60%
568 284
60%
608 304
60%
622 311
60%
624 312
60%
708 354
60%
890 445
60%
896 448
60%
910 455
60%
942 471
60%
950 475
60%
952 476
60%
1340 670
60%
138 69
60%
1406 703
60%
1488 744
60%
1618 809
60%
1630 815
60%
1688 844
60%
1702 851
60%
1770 885
60%
1780 890
60%
1836 918
60%
1842 921
60%
1902 951
60%
1914 957
60%
234 117
57%
330 165
57%
444 222
57%
658 329
57%
660 330
57%
774 387
57%
800 400
57%
922 461
57%
94 47
57%
1284 642
57%
1316 658
57%
1380 690
57%
1390 695
57%
1420 710
57%
1464 732
57%
1470 735
57%
1542 771
57%
1556 778
57%
1594 797
57%
1616 808
57%
1664 832
57%
1698 849
57%
1884 942
57%
748 374
56%
1606 803
56%
1816 908
56%
238 119
50%
252 126
50%
294 147
50%
296 148
50%
318 159
50%
326 163
50%
332 166
50%
344 172
50%
38 19
50%
392 196
50%
40 20
50%
422 211
50%
470 235
50%
474 237
50%
484 242
50%
486 243
50%
490 245
50%
530 265
50%
556 278
50%
576 288
50%
586 293
50%
638 319
50%
666 333
50%
686 343
50%
694 347
50%
706 353
50%
712 356
50%
714 357
50%
756 378
50%
770 385
50%
780 390
50%
798 399
50%
812 406
50%
830 415
50%
856 428
50%
862 431
50%
894 447
50%
906 453
50%
908 454
50%
926 463
50%
930 465
50%
956 478
50%
966 483
50%
970 485
50%
976 488
50%
98 49
50%
982 491
50%
990 495
50%
1004 502
50%
1006 503
50%
1008 504
50%
1012 506
50%
1014 507
50%
1022 511
50%
1038 519
50%
1056 528
50%
1068 534
50%
1078 539
50%
1082 541
50%
1106 553
50%
1150 575
50%
1152 576
50%
1156 578
50%
1204 602
50%
122 61
50%
1222 611
50%
1248 624
50%
1280 640
50%
1286 643
50%
1288 644
50%
136 68
50%
1360 680
50%
1362 681
50%
1402 701
50%
1412 706
50%
1416 708
50%
1422 711
50%
1428 714
50%
1434 717
50%
1444 722
50%
1480 740
50%
1484 742
50%
1490 745
50%
1498 749
50%
1508 754
50%
1510 755
50%
154 77
50%
1574 787
50%
1622 811
50%
1634 817
50%
1636 818
50%
1646 823
50%
1660 830
50%
1668 834
50%
1670 835
50%
1678 839
50%
1680 840
50%
1686 843
50%
1690 845
50%
1696 848
50%
1708 854
50%
1718 859
50%
1720 860
50%
1724 862
50%
1730 865
50%
1734 867
50%
174 87
50%
1740 870
50%
1748 874
50%
176 88
50%
1788 894
50%
1790 895
50%
1806 903
50%
1810 905
50%
1812 906
50%
1814 907
50%
1844 922
50%
1860 930
50%
1870 935
50%
1918 959
50%
1922 961
50%
1924 962
50%
1926 963
50%
194 97
50%
1974 987
50%
198 99
50%
346 173
44%
476 238
44%
844 422
44%
1024 512
44%
1042 521
44%
1234 617
44%
1392 696
44%
1418 709
44%
1512 756
44%
1540 770
44%
1714 857
44%
1916 958
44%
254 127
43%
272 136
43%
290 145
43%
364 182
43%
782 391
43%
1094 547
43%
1170 585
43%
1264 632
43%
1302 651
43%
1326 663
43%
1332 666
43%
1458 729
43%
1478 739
43%
1534 767
43%
1654 827
43%
1676 838
43%
1772 886
43%
1798 899
43%
1800 900
43%
1948 974
43%
382 191
40%
462 231
40%
492 246
40%
494 247
40%
508 254
40%
528 264
40%
532 266
40%
548 274
40%
560 280
40%
760 380
40%
794 397
40%
814 407
40%
824 412
40%
842 421
40%
898 449
40%
1064 532
40%
1114 557
40%
1126 563
40%
1132 566
40%
1214 607
40%
1242 621
40%
1254 627
40%
1358 679
40%
1396 698
40%
1426 713
40%
1432 716
40%
1494 747
40%
1572 786
40%
1620 810
40%
1648 824
40%
1692 846
40%
1856 928
40%
1866 933
40%
1886 943
40%
1898 949
40%
1928 964
40%
1984 992
40%
1988 994
40%
338 169
38%
378 189
38%
692 346
38%
994 497
38%
1086 543
38%
1184 592
38%
1258 629
38%
1320 660
38%
1674 837
38%
1706 853
38%
1808 904
38%
1872 936
38%
1684 842
36%
232 116
33%
248 124
33%
256 128
33%
306 153
33%
384 192
33%
386 193
33%
472 236
33%
496 248
33%
558 279
33%
578 289
33%
598 299
33%
616 308
33%
674 337
33%
754 377
33%
764 382
33%
874 437
33%
936 468
33%
988 494
33%
992 496
33%
1076 538
33%
1128 564
33%
1138 569
33%
1140 570
33%
1168 584
33%
1176 588
33%
1188 594
33%
1194 597
33%
1236 618
33%
1274 637
33%
1298 649
33%
1308 654
33%
1312 656
33%
1348 674
33%
1354 677
33%
1356 678
33%
1366 683
33%
1370 685
33%
1384 692
33%
1394 697
33%
1424 712
33%
1456 728
33%
1482 741
33%
1524 762
33%
1526 763
33%
1530 765
33%
1532 766
33%
1560 780
33%
1588 794
33%
1608 804
33%
1624 812
33%
1644 822
33%
168 84
33%
170 85
33%
1700 850
33%
1712 856
33%
1726 863
33%
1736 868
33%
1746 873
33%
1760 880
33%
1774 887
33%
1794 897
33%
1796 898
33%
1828 914
33%
1846 923
33%
1848 924
33%
1850 925
33%
1852 926
33%
1864 932
33%
1876 938
33%
1908 954
33%
1934 967
33%
1942 971
33%
1976 988
33%
1632 816
30%
1778 889
30%
1786 893
30%
1910 955
30%
368 184
29%
938 469
29%
1178 589
29%
1252 626
29%
1276 638
29%
1292 646
29%
1336 668
29%
1338 669
29%
1342 671
29%
1492 746
29%
1496 748
29%
1562 781
29%
1564 782
29%
1568 784
29%
1570 785
29%
1716 858
29%
1754 877
29%
1862 931
29%
1888 944
29%
192 96
29%
1954 977
29%
376 188
25%
412 206
25%
534 267
25%
590 295
25%
682 341
25%
696 348
25%
722 361
25%
736 368
25%
744 372
25%
752 376
25%
758 379
25%
772 386
25%
778 389
25%
796 398
25%
876 438
25%
878 439
25%
886 443
25%
916 458
25%
1036 518
25%
1092 546
25%
1098 549
25%
1108 554
25%
1124 562
25%
1142 571
25%
1144 572
25%
1186 593
25%
1226 613
25%
1232 616
25%
128 64
25%
1294 647
25%
1306 653
25%
1324 662
25%
1352 676
25%
1414 707
25%
144 72
25%
1468 734
25%
1504 752
25%
1546 773
25%
1554 777
25%
1584 792
25%
1592 796
25%
1598 799
25%
1628 814
25%
1776 888
25%
1818 909
25%
1820 910
25%
1896 948
25%
1906 953
25%
1938 969
25%
1952 976
25%
1978 989
25%
1146 573
22%
1174 587
22%
1578 789
22%
1658 829
22%
1892 946
22%
1912 956
22%
1964 982
22%
334 167
20%
356 178
20%
584 292
20%
652 326
20%
654 327
20%
698 349
20%
704 352
20%
946 473
20%
948 474
20%
1172 586
20%
1196 598
20%
1238 619
20%
1282 641
20%
1296 648
20%
1344 672
20%
1376 688
20%
1452 726
20%
1476 738
20%
1548 774
20%
1576 788
20%
1582 791
20%
1682 841
20%
1738 869
20%
1750 875
20%
1832 916
20%
1834 917
20%
1838 919
20%
1986 993
20%
594 297
17%
726 363
17%
734 367
17%
792 396
17%
944 472
17%
974 487
17%
1148 574
17%
1164 582
17%
1474 737
17%
1506 753
17%
1518 759
17%
1536 768
17%
1552 776
17%
1672 836
17%
1732 866
17%
1744 872
17%
1824 912
17%
1958 979
17%
1980 990
17%
1314 657
14%
1318 659
14%
1436 718
14%
1586 793
14%
1590 795
14%
1766 883
14%
1950 975
14%
328 164
13%
1752 876
13%
972 486
11%
1364 682
11%
1372 686
11%
292 146
0%
354 177
0%
372 186
0%
394 197
0%
478 239
0%
546 273
0%
552 276
0%
554 277
0%
572 286
0%
574 287
0%
592 296
0%
596 298
0%
728 364
0%
738 369
0%
740 370
0%
742 371
0%
746 373
0%
768 384
0%
776 388
0%
786 393
0%
788 394
0%
790 395
0%
932 466
0%
958 479
0%
960 480
0%
962 481
0%
964 482
0%
978 489
0%
986 493
0%
1074 537
0%
1112 556
0%
1116 558
0%
1118 559
0%
1120 560
0%
1154 577
0%
1158 579
0%
1162 581
0%
1182 591
0%
1192 596
0%
1198 599
0%
1256 628
0%
1346 673
0%
1368 684
0%
1374 687
0%
1378 689
0%
1382 691
0%
1388 694
0%
1446 723
0%
1466 733
0%
1502 751
0%
1528 764
0%
1538 769
0%
1544 772
0%
1558 779
0%
1566 783
0%
1596 798
0%
1626 813
0%
1638 819
0%
1656 828
0%
1694 847
0%
1710 855
0%
1722 861
0%
1728 864
0%
1742 871
0%
1756 878
0%
1758 879
0%
1762 881
0%
1764 882
0%
1768 884
0%
1782 891
0%
1784 892
0%
1792 896
0%
1854 927
0%
1874 937
0%
1878 939
0%
1882 941
0%
1894 947
0%
1932 966
0%
1936 968
0%
1944 972
0%
1946 973
0%
1956 978
0%
1962 981
0%
1966 983
0%
1970 985
0%
1972 986
0%
Keine übereinstimmenden Quizze gefunden
Verteilung der Resultate
Anzahl Personen mit jedem Resultat
Perzentil nach korrekt beantworteten Fragen
Ihre Resultats-Entwicklung
Sie haben dieses Quiz noch nicht gespielt